00910nam a2200229 a 450000100100000000500170001000800410002704000250006810000380009324000380013124500860016925000110025526000360026630000210030249000150032359000750033870000410041383000220045404900090047695201780048599900170066300003590020200930074714.0111115s1961 es 000 0 spa d aDO-SdBNPbspacBNPHU1 aCastro, Josué de,d1908-96189710aThe geography of hungerlinglés10aGeografia del hambre /cJosué de Castro ; truducción María Dolores López. a2a ed. aMadrid :bEdiciones CID,c1961. a377 p. ;c23 cm.1 aVorticev2 aPerteneció a la biblioteca personal de Juan Isidro Jimenes Grullón1 aLópez, María Doloresetr.961898 0aVorticev2959169 aBNPD 001050718MOaGRbGRcCTd2011-11-15iLF1l0o p35900-10r2020-06-25w2020-06-25y1zPerteneció a la biblioteca personal de Juan Isidro Jimenes Grullón.ZNo se presta c35391d35391